000 01153cam a22003375a 4500
001 12517384
003 EG-ScBUE
005 20220606095544.0
008 010828t2002 maua f 001 0 eng d
020 _a0030324823
020 _a9780030324826
040 _aDLC
_beng
_erda
_cDLC
_dDLC
_dEG-ScBUE
_dEG-ScBUE
082 0 4 _a428.24
_bZUK
_222
100 1 _aZukowski/Faust, Jean,
_eauthor.
_9997
245 1 0 _aSteps to academic reading.
_n3,
_pAcross the board /
_cJean Zukowski/Faust, Northern Arizona University.
246 3 0 _aAcross the board
264 1 _aBoston, Massachusetts :
_bHeinle,
_c[2002]
264 4 _cc2002
300 _a272 pages :
_billustrations ;
_c24 cm
336 _2rdacontent
_atext
_btxt
337 _2rdamedia
_aunmediated
_bn
338 _2rdacarrier
_avolume
_bnc
500 _aIncludes index.
650 7 _aReading (Higher education)
_2BUEsh
_914348
650 7 _aEnglish language
_xStudy and teaching
_xForeign speakers.
_2BUEsh
650 7 _aEnglish language
_vTextbooks for foreign speakers.
_2BUEsh
651 _2BUEsh
653 _bHHUUEENN
_cAugust2015
_cJuly2019
655 _vReading book
_934232
942 _2ddc
_cBB
999 _c10290
_d10290